Biblioteca

Informes de investigación de los seis equipos que constituyen el proyecto : (Registro nro. 65425)

Detalles MARC
000 -LÍDER
Campo fijo de descripción fija 01774nam a2200361 i 4500
001 - NÚMERO DE CONTROL
Campo de control 768714001
003 - IDENTIFICADOR DEL NÚMERO DE CONTROL
Campo de control CO-MdFUSB
005 - FECHA Y HORA DE LA ULTIMA TRANSACCIÓN
control field 20250801100248.0
007 - CAMPO FIJO DE DESCRIPCIÓN FIJA--INFORMACIÓN GENERAL
Campo fijo de descripción fija ta
008 - ELEMENTOS DE LONGITUD FIJA -- INFORMACIÓN GENERAL
Campo fijo de descripción fija -- Información general 200304t 2019ck deao| |||| 00| 0 eng d
020 ## - NÚMERO INTERNACIONAL NORMALIZADO PARA LIBROS
Número Internacional Normalizado del libro [No incluye ISBN]
040 ## - FUENTE DE CATALOGACIÓN
Agencia de catalogación original CO-MdFUSB
Idioma de catalogación spa
Agencia que realiza la transcripción CO-MdFUSB
Agencia que realiza la modificación CO-MdFUSBC
Convenciones de la descripción rda
041 ## - CÓDIGO DE IDIOMA
Código de idioma para texto/pista de sonido o título separado spa
Código de idioma original eng
082 ## - NÚMERO DE CLASIFICACIÓN DECIMAL DEWEY
Número de la edición del Dewey 23
Número de clasificación 261
Clave de autor-Numero de item F287
110 ## - ASIENTO PRINCIPAL--NOMBRE CORPORATIVO
Nombre corporativo o de jurisdicción como elemento de entrada Fundación Universitaria Seminario Bíblico de Colombia,
240 ## - TITULO UNIFORME
Título uniforme <a href="Research report of the six teams that comprise the project : integral missiology and the human flourishing of the internally displaced persons in Colombia / Fundación Universitaria Seminario Bíblico de Colombia ; editado por Christopher M. Hays , Milton Acosta">Research report of the six teams that comprise the project : integral missiology and the human flourishing of the internally displaced persons in Colombia / Fundación Universitaria Seminario Bíblico de Colombia ; editado por Christopher M. Hays , Milton Acosta</a>
245 ## - TÍTULO
Título del Material Informes de investigación de los seis equipos que constituyen el proyecto :
Parte restante del título - Subtitulo la misiología integral y el florecimiento de los desplazados internos en Colombia
Mención de responsabilidad, etc. / Fundación Universitaria Seminario Bíblico de Colombia ; editado por Christopher M. Hays , Milton Acosta
264 #1 - PRODUCCIÓN, PUBLICACIÓN, DISTRIBUCIÓN, MANUFACTURA, Y COPYRIGHT
Lugar de producción, publicación, distribución, manufactura Colombia :
Nombre del productor, publicador, distribuidor Fundación Universitaria Seminario Bíblico de Colombia,
Fecha de producción, publicación, distribución, manufactura, o copyright [2019]
264 #4 - PRODUCCIÓN, PUBLICACIÓN, DISTRIBUCIÓN, MANUFACTURA, Y COPYRIGHT
Fecha de producción, publicación, distribución, manufactura, o copyright © 2019
300 ## - DESCRIPCIÓN FÍSICA
Extensión 606 páginas
Dimensiones ; 28 cm
336 ## - TIPO DE CONTENIDO
Fuente rdacontent
Término de tipo de contenido texto
Código de tipo de contenido txt
337 ## - TIPO DE MEDIO
Fuente rdamedia
Nombre del tipo de medio sin mediación
Código del tipo de medio n
338 ## - TIPO DE SOPORTE
Fuente rdacarrier
Nombre del tipo de soporte volumen
Código Tipo de soporte nc
505 ## - NOTA DE CONTENIDO
Nota de contenido con formato preestablecido Equipo de Misiología. -- Equipo de sociología. -- Equipo de psicología. -- Equipo de interacción con el sector publico. -- Equipo de Economía. -- Equipo de pedagogía.
563 ## - NOTA DE ENCUADERNACIÓN
Nota de encuadernación Tapa dura
653 ## - TÉRMINO DE INDIZACIÓN - NO CONTROLADO
Término no controlado Informe de investigación
700 1# - ASIENTO SECUNDARIO - NOMBRE PERSONAL
9 (RLIN) 1068
Nombre personal Hays, Christopher M.,
Fechas asociadas con el nombre 1983-
Responsabilidad editor
700 ## - ASIENTO SECUNDARIO - NOMBRE PERSONAL
9 (RLIN) 93
Nombre personal Acosta, Milton
Responsabilidad editor
856 ## - LOCALIZACIÓN Y ACCESO ELECTRÓNICOS
Identificador Uniforme del Recurso <a href="https://repositorio.repci.co/handle/123456789/576">https://repositorio.repci.co/handle/123456789/576</a>
942 ## - TIPO DE MATERIAL (KOHA)
Tipo de Item KOHA Libros General
945 ## - INFORMACIÓN LOCAL DEL REGISTRO
Catalogador JTF-925
Existencias
Estado de Material Estado de Perdido Forma de Clasificación Estado de Dañado No para Préstamo Colección Biblioteca de Origen Biblioteca Permanente Fecha de Adquisición Área Total de Préstamos Total de Renovaciones Signatura Topográfica Código de Barras Última vez visto Última vez Préstado Ejemplar/Existencia Fecha de Remplazo Tipo de Material Url
    Dewey Decimal Classification     Colección General Biblioteca FUSBC Biblioteca FUSBC 04/03/2020 SOCIOLOGIA 5 1 G 261 F287i 8240 08/04/2026 24/03/2026 Ej.1 04/03/2020 Libros General  
    Dewey Decimal Classification     Colección Patrimonial Biblioteca FUSBC Biblioteca FUSBC 04/03/2020 MISIONES / EVANGELISMO     G 261 F287i 24169 26/09/2024   Ej. 2 04/03/2020 Libros General https://repositorio.repci.co/handle/123456789/576

Biblioteca FUSBC | Teléfono: (57+4) 349 88 10 Ext. 141| WhatsApp (+57) 3005338115 
E-mail: biblioteca@unisbc.edu.co | Calle 76 87-14 Robledo Palenque, Medellín, Colombia

Con tecnología Koha